Manual del electricista de taller : electrotecnia general, electromecánica-motores, alumbrado y neumática-generalidades

Bibliographic Details
Main Author: Roldán, José
Format: Section = Libro
Language:Undetermined
Spanish
Published: Madrid, España Paraninfo 1980
Subjects:
LEADER 00567nam a2200181Ia 4500
008 240829s9999 xx 000 0 und d
020 |a 84-283-1057-2 
040 |a BIBLIOTECA-RUPAP Ref 621.3 R744 
041 |a spa 
082 |a Ref 621.3 R744 
100 1 |a Roldán, José 
245 1 0 |a Manual del electricista de taller : electrotecnia general, electromecánica-motores, alumbrado y neumática-generalidades 
260 |a Madrid, España  |b Paraninfo  |c 1980 
300 |a 624 p. :il. 
650 7 |a ELECTRICIDAD. I. Tít. 
942 |c BK  |2 ddc 
991 |a TEXTO 
999 |c 10457